=LDR 00000nam 2200000 4500 =001 INLIS000000000040723 =005 20141220122506.0 =006 =007 =008 ind =035 ##$$0010-061300000040723 =041 ##$$a ind =082 ##$$a 813 =090 ##$$a 813 , Ara ,a =100 ##$$a ARANA, Nikki =245 ##$$a Angelica , The winds of sonoma , Nikki Arana =260 ##$$a Andi . 007 $b Yogyakarta =300 ##$$a 474 hlm. , 22 cm =650 ##$$a FIKSI =850 ##$$a NBPNMAT